|
|
|
|
| LEADER |
00000cam a22000004a 4500 |
| 001 |
musev2_66930 |
| 003 |
MdBmJHUP |
| 005 |
20230905050905.0 |
| 006 |
m o d |
| 007 |
cr||||||||nn|n |
| 008 |
820602s1982 azu o 00 0 eng d |
| 010 |
|
|
|z 82011121
|
| 020 |
|
|
|a 9780816537846
|
| 020 |
|
|
|z 9780816507870
|
| 020 |
|
|
|z 9780816507740
|
| 035 |
|
|
|a (OCoLC)1109224314
|
| 040 |
|
|
|a MdBmJHUP
|c MdBmJHUP
|
| 043 |
|
|
|a n-us-ca
|
| 050 |
0 |
4 |
|a JX1732.Z4
|b U542 1982
|
| 082 |
0 |
|
|a 354.71008/92/0979494
|2 19
|
| 100 |
1 |
|
|a Balderrama, Francisco E.
|
| 245 |
1 |
0 |
|a In Defense of La Raza :
|b The Los Angeles Mexican Consulate and the Mexican Community, 1929 to 1936 /
|c Francisco E. Balderrama.
|
| 264 |
|
1 |
|a Tucson :
|b University of Arizona Press,
|c 1982.
|
| 264 |
|
3 |
|a Baltimore, Md. :
|b Project MUSE,
|c 2019
|
| 264 |
|
4 |
|c ©1982.
|
| 300 |
|
|
|a 1 online resource.
|
| 336 |
|
|
|a text
|b txt
|2 rdacontent
|
| 337 |
|
|
|a computer
|b c
|2 rdamedia
|
| 338 |
|
|
|a online resource
|b cr
|2 rdacarrier
|
| 500 |
|
|
|a Includes index.
|
| 504 |
|
|
|a Bibliography: p. 119-132.
|
| 506 |
0 |
|
|a Open Access
|f Unrestricted online access
|2 star
|
| 588 |
|
|
|a Description based on print version record.
|
| 610 |
1 |
0 |
|a Mexico.
|b Consulado (Los Angeles,Calif.)
|x History.
|
| 650 |
|
0 |
|a Mexican Americans
|z California.
|
| 655 |
|
7 |
|a Electronic books.
|2 local
|
| 710 |
2 |
|
|a Project Muse.
|e distributor
|
| 830 |
|
0 |
|a Book collections on Project MUSE.
|
| 856 |
4 |
0 |
|z Texto completo
|u https://projectmuse.uam.elogim.com/book/66930/
|